| 000 | 00404 a2200157 4500 | ||
|---|---|---|---|
| 999 |
_c12666 _d12666 |
||
| 003 | OSt | ||
| 005 | 20240703131239.0 | ||
| 008 | 240703b ||||| |||| 00| 0 eng d | ||
| 020 | _a 9780471995272 | ||
| 082 |
_a721 _bBRO |
||
| 100 | _a Geoffrey Broadbent | ||
| 245 | _aDesign in Architecture and the Human Sciences | ||
| 260 |
_bJohn wiley and sons _c1973 _aLondon |
||
| 300 | _a504p; | ||
| 942 | _2ddc | ||